[Event "Asia-ch U20"]
[Site "Waskaduwa"]
[Date "2025.06.30"]
[Round "6"]
[White "Induwara, THD Thisarindu"]
[Black "Nouri, Alekhine"]
[Result "1/2-1/2"]
[WhiteElo "2024"]
[BlackElo "2198"]
[PlyCount "55"]
[EventDate "2025.06.27"]
[EventType "swiss"]
[EventRounds "9"]
[EventCountry "SRI"]
[SourceTitle "CB28_2025"]
[SourceDate "2025.07.09"]
[SourceVersion "1"]
[SourceVersionDate "2025.07.09"]
[SourceQuality "1"]

1. e4 c5 2. Nf3 d6 3. Bb5+ Nd7 4. d4 cxd4 5. Qxd4 a6 6. Bxd7+ Bxd7 7. Nc3 e5 8. Qd3 h6 9. 0-0 Rc8 10. Nd2 Nf6 11. Nc4 Be6 12. Ne3 Be7 13. Ncd5 Nxd5 14. Nxd5 Bxd5 15. Qxd5 Qd7 16. c4 Rc5 17. Qd3 b5 18. cxb5 Qxb5 19. Qg3 Bf6 20. Be3 Rc6 21. Rac1 Rxc1 22. Rxc1 0-0 23. b3 Qe2 24. a4 Rb8 25. Qh3 Qd3 26. g3 Qxb3 27. Rc8+ Kh7 28. Kg2 1/2-1/2

[Event "Titled Tuesday intern op 06th May Early"]
[Site "Chess.com INT"]
[Date "2025.05.06"]
[Round "1"]
[White "Nouri, Alekhine"]
[Black "Soto, Cristian Camilo"]
[Result "1/2-1/2"]
[WhiteElo "2198"]
[BlackElo "2093"]
[PlyCount "96"]
[EventDate "2025.05.06"]
[EventType "swiss (blitz)"]
[EventRounds "11"]
[EventCountry "USA"]
[SourceTitle "CB20_2025"]
[SourceDate "2025.05.14"]
[SourceVersion "1"]
[SourceVersionDate "2025.05.14"]
[SourceQuality "1"]

1. e4 c5 2. Nc3 Nc6 3. Bb5 Nd4 4. Nf3 g6 5. Nxd4 cxd4 6. Ne2 Bg7 7. 0-0 a6 8. Bc4 e6 9. d3 Ne7 10. Bb3 d5 11. f3 0-0 12. Qe1 dxe4 13. fxe4 Nc6 14. Qg3 Qe7 15. Bg5 f6 16. Bd2 Kh8 17. h4 e5 18. h5 g5 19. Qh2 h6 20. Ng3 Be6 21. Bxe6 Qxe6 22. Nf5 Rfc8 23. Qh3 Ne7 24. c3 Nxf5 25. exf5 Qb6 26. cxd4 Rc2 27. Be3 exd4 28. Bf2 Re8 29. Rae1 Rxe1 30. Rxe1 Rxb2 31. Qf3 Rb1 32. Qd5 Rxe1+ 33. Bxe1 Qb1 34. Qe4 Qxa2 35. Qxb7 Kh7 36. Qd7 Qb1 37. Qe8 Qxd3 38. Qg6+ Kg8 39. Qe8+ Kh7 40. Qg6+ Kg8 41. Bf2 Qd1+ 42. Kh2 Qd3 43. Bg3 Qe4 44. Bd6 Qh4+ 45. Kg1 Qe1+ 46. Kh2 Qh4+ 47. Kg1 Qe1+ 48. Kh2 Qh4+ 1/2-1/2

[Event "Titled Tuesday intern op 25th Feb Early"]
[Site "Chess.com INT"]
[Date "2025.02.25"]
[Round "2"]
[White "Ugorek, Kacper"]
[Black "Nouri, Alekhine"]
[Result "0-1"]
[WhiteElo "2226"]
[BlackElo "2198"]
[PlyCount "78"]
[EventDate "2025.02.25"]
[EventType "swiss (blitz)"]
[EventRounds "11"]
[EventCountry "USA"]
[SourceTitle "CB10_2025"]
[SourceDate "2025.03.05"]
[SourceVersion "1"]
[SourceVersionDate "2025.03.05"]
[SourceQuality "1"]

1. g3 Nf6 2. Bg2 g6 3. Nf3 d5 4. 0-0 Bg7 5. d4 0-0 6. c4 c6 7. cxd5 Nxd5 8. e4 Nb6 9. h3 Na6 10. Nc3 Be6 11. b3 c5 12. Be3 Qd7 13. Rc1 cxd4 14. Nxd4 Bxh3 15. Ndb5 Qe6 16. Bxh3 Qxh3 17. Bxb6 axb6 18. Nd5 e6 19. Nxb6 Rad8 20. Qf3 Nb4 21. a3 Nd3 22. Rcd1 Ne5 23. Qg2 Qh5 24. Rxd8 Nf3+ 25. Qxf3 Qxf3 26. Rxf8+ Bxf8 27. Nd7 Qxb3 28. Nc7 Bxa3 29. Ne8 h5 30. Nef6+ Kg7 31. Ne8+ Kh7 32. Ndf6+ Kh6 33. Ng8+ Kh7 34. Ngf6+ Kh8 35. Kg2 Be7 36. f3 Qb2+ 37. Rf2 Qd4 38. e5 Qxe5 39. f4 Qd4 0-1

[Event "Titled Tuesday intern op 04th Feb Early"]
[Site "Chess.com INT"]
[Date "2025.02.04"]
[Round "2"]
[White "Gyenes, Mate"]
[Black "Nouri, Alekhine"]
[Result "0-1"]
[WhiteElo "2235"]
[BlackElo "2198"]
[PlyCount "60"]
[EventDate "2025.02.04"]
[EventType "swiss (blitz)"]
[EventRounds "11"]
[EventCountry "USA"]
[SourceTitle "CB07_2025"]
[SourceDate "2025.02.12"]
[SourceVersion "1"]
[SourceVersionDate "2025.02.12"]
[SourceQuality "1"]

1. e4 c5 2. g3 d6 3. Bh3 Bxh3 4. Nxh3 Nf6 5. d3 g6 6. 0-0 Bg7 7. f4 Nc6 8. Nf2 b5 9. c3 b4 10. d4 cxd4 11. cxd4 Nd7 12. Be3 Qb6 13. e5 dxe5 14. fxe5 Ncxe5 15. Qe2 Nc6 16. d5 Nd4 17. Qd3 Ne5 18. Bxd4 Qxd4 19. Qb5+ Kf8 20. Rd1 Qb6 21. Qe2 h5 22. Nd2 h4 23. Nf3 hxg3 24. hxg3 Ng4 25. Nd4 Bxd4 26. Qxg4 Bxf2+ 27. Kg2 Qe3 28. Rf1 Kg7 29. Rxf2 Rh2+ 30. Kxh2 Qxf2+ 0-1

[Event "Titled Tuesday intern op 04th Feb Early"]
[Site "Chess.com INT"]
[Date "2025.02.04"]
[Round "1"]
[White "Nouri, Alekhine"]
[Black "Amato, Leonel"]
[Result "1-0"]
[WhiteElo "2198"]
[BlackElo "2158"]
[PlyCount "65"]
[EventDate "2025.02.04"]
[EventType "swiss (blitz)"]
[EventRounds "11"]
[EventCountry "USA"]
[SourceTitle "CB07_2025"]
[SourceDate "2025.02.12"]
[SourceVersion "1"]
[SourceVersionDate "2025.02.12"]
[SourceQuality "1"]

1. e4 c5 2. Nc3 Nc6 3. Bb5 Nd4 4. Nf3 a6 5. Bd3 e6 6. Nxd4 cxd4 7. Ne2 Bc5 8. c3 dxc3 9. bxc3 Nf6 10. Bc2 d5 11. d4 Bb6 12. e5 Nd7 13. 0-0 0-0 14. Qd3 f5 15. exf6 Nxf6 16. Bg5 h6 17. Bh4 Bd7 18. Nf4 Bb5 19. Qh3 Bxf1 20. Qxe6+ Rf7 21. Rxf1 g5 22. Bg6 Qe7 23. Bxf7+ Qxf7 24. Qxb6 gxh4 25. Nd3 h3 26. Ne5 Qg7 27. Qe6+ Kh8 28. Qxh3 Rg8 29. g3 Ne4 30. Qf5 Ng5 31. h4 Ne4 32. Nf7+ Qxf7 33. Qxf7 1-0

[Event "Titled Tuesday intern op 04th Feb Early"]
[Site "Chess.com INT"]
[Date "2025.02.04"]
[Round "9"]
[White "Nouri, Alekhine"]
[Black "Aravindh, Chithambaram VR"]
[Result "1-0"]
[WhiteElo "2198"]
[BlackElo "2729"]
[PlyCount "47"]
[EventDate "2025.02.04"]
[EventType "swiss (blitz)"]
[EventRounds "11"]
[EventCountry "USA"]
[SourceTitle "CB07_2025"]
[SourceDate "2025.02.12"]
[SourceVersion "1"]
[SourceVersionDate "2025.02.12"]
[SourceQuality "1"]

1. e4 g6 2. d4 Bg7 3. Nc3 d6 4. Be3 c6 5. f3 Nd7 6. Qd2 e5 7. Nge2 Ngf6 8. 0-0-0 0-0 9. h4 h5 10. dxe5 dxe5 11. Bg5 b5 12. g4 Qa5 13. Ng3 b4 14. Nb1 Ba6 15. gxh5 Rad8 16. Bxa6 Qxa6 17. hxg6 fxg6 18. h5 Nb6 19. Qxd8 Rxd8 20. Rxd8+ Kf7 21. h6 Bxh6 22. Rxh6 Qxa2 23. Rhh8 Nc4 24. Rhf8+ 1-0

[Event "PSC-ch"]
[Site "Quezon City"]
[Date "2024.12.21"]
[Round "9"]
[White "Nadera, Barlo A"]
[Black "Nouri, Alekhine"]
[Result "1/2-1/2"]
[WhiteElo "2104"]
[BlackElo "2207"]
[PlyCount "65"]
[EventDate "2024.12.17"]
[EventType "tourn"]
[EventRounds "13"]
[EventCountry "PHI"]
[SourceTitle "CB04_2025"]
[SourceDate "2025.01.22"]
[SourceVersion "1"]
[SourceVersionDate "2025.01.22"]
[SourceQuality "1"]

1. d4 Nf6 2. Nf3 g6 3. c4 Bg7 4. Nc3 0-0 5. e4 d6 6. h3 Nbd7 7. Bg5 h6 8. Be3 e5 9. d5 a5 10. Bd3 Qe7 11. g4 Nc5 12. Bc2 c6 13. Rg1 b5 14. dxc6 bxc4 15. Qd2 Nd3+ 16. Bxd3 cxd3 17. Qxd3 d5 18. Nxd5 Nxd5 19. Qxd5 Qb4+ 20. Nd2 Ba6 21. Qb3 Qd6 22. Rc1 Rab8 23. Qd5 Qc7 24. b3 Rfd8 25. Qc5 Bf8 26. Qa7 Qxa7 27. Bxa7 Bb4 28. Be3 Rbc8 29. Bxh6 Ba3 30. Rc3 Bb4 31. Rc1 Ba3 32. Rc3 Bb4 33. Rc1 1/2-1/2

[Event "PSC-ch"]
[Site "Quezon City"]
[Date "2024.12.18"]
[Round "3"]
[White "Concio, Michael Jr"]
[Black "Nouri, Alekhine"]
[Result "1/2-1/2"]
[WhiteElo "2373"]
[BlackElo "2207"]
[PlyCount "110"]
[EventDate "2024.12.17"]
[EventType "tourn"]
[EventRounds "13"]
[EventCountry "PHI"]
[SourceTitle "CB04_2025"]
[SourceDate "2025.01.22"]
[SourceVersion "1"]
[SourceVersionDate "2025.01.22"]
[SourceQuality "1"]

1. e4 c5 2. Nc3 d6 3. g3 g6 4. Bg2 Bg7 5. d3 Nc6 6. Be3 Rb8 7. Qd2 b5 8. f4 b4 9. Nd1 Bb7 10. Nf3 Nf6 11. h3 0-0 12. 0-0 c4 13. Nd4 Nxd4 14. Bxd4 a5 15. Nf2 Qc7 16. Qe3 Ba8 17. e5 Ne8 18. Bxa8 Rxa8 19. Rae1 dxe5 20. Bxe5 Bxe5 21. fxe5 cxd3 22. cxd3 Ng7 23. Ng4 Ne6 24. d4 Rad8 25. Rd1 h5 26. Nh2 Qc4 27. b3 Qd5 28. Rd2 Rc8 29. Qf3 Qd7 30. Qg2 Ng5 31. h4 Ne6 32. d5 Ng7 33. Re1 Rc3 34. Nf1 Nf5 35. Qf2 Qc7 36. Ne3 Nxe3 37. Rxe3 Rd8 38. Re1 Qc8 39. e6 f5 40. d6 exd6 41. e7 Re8 42. Qf4 Qc5+ 43. Kh2 Kf7 44. Qh6 Rc2 45. Rde2 Rxe2+ 46. Rxe2 Qc3 47. g4 hxg4 48. h5 Qh3+ 49. Kg1 Qxh5 50. Qd2 Qh4 51. Qd5+ Kg7 52. Qxd6 Qf6 53. Qd7 Kf7 54. Qd5+ Kg7 55. Qf3 Qc3 1/2-1/2

[Event "PSC-ch"]
[Site "Quezon City"]
[Date "2024.12.17"]
[Round "1"]
[White "Nouri, Alekhine"]
[Black "Lim, Samson Chiu Chin Ii"]
[Result "1/2-1/2"]
[WhiteElo "2207"]
[BlackElo "2186"]
[PlyCount "41"]
[EventDate "2024.12.17"]
[EventType "tourn"]
[EventRounds "13"]
[EventCountry "PHI"]
[SourceTitle "CB04_2025"]
[SourceDate "2025.01.22"]
[SourceVersion "1"]
[SourceVersionDate "2025.01.22"]
[SourceQuality "1"]

1. e4 e5 2. Nf3 Nf6 3. Nxe5 d6 4. Nf3 Nxe4 5. Nc3 Nxc3 6. dxc3 Be7 7. Be3 0-0 8. Qd2 Be6 9. 0-0-0 a5 10. a3 Nc6 11. h4 Ne5 12. Nd4 Bd7 13. Bd3 Re8 14. Kb1 a4 15. Bg5 Ra5 16. Be2 Nc6 17. Nf3 Ne5 18. Nxe5 Rxe5 19. Bd3 Bc6 20. f3 Bf6 21. Qf4 1/2-1/2

[Event "Titled Tuesday intern op 26th Mar Early"]
[Site "Chess.com INT"]
[Date "2024.03.26"]
[Round "7"]
[White "Kazakouski, Valery"]
[Black "Nouri, Alekhine"]
[Result "1-0"]
[WhiteElo "2608"]
[BlackElo "2215"]
[PlyCount "77"]
[EventDate "2024.03.26"]
[EventType "swiss (blitz)"]
[EventRounds "11"]
[EventCountry "USA"]
[SourceTitle "EXT 2025"]
[Source "ChessBase"]
[SourceDate "2024.10.14"]
[SourceVersion "1"]
[SourceVersionDate "2024.10.14"]
[SourceQuality "1"]

1. Nf3 c5 2. e4 d6 3. d4 cxd4 4. Nxd4 Nf6 5. Nc3 a6 6. h3 e5 7. Nf3 Be7 8. Bc4 b5 9. Bb3 Be6 10. 0-0 h6 11. Re1 0-0 12. Nh2 Nbd7 13. Be3 Rc8 14. Ng4 Nxg4 15. hxg4 Nb6 16. Bxb6 Qxb6 17. Nd5 Bxd5 18. Qxd5 Bh4 19. Re2 Rc5 20. Qd3 Bg5 21. Rd1 Rc6 22. g3 a5 23. c3 a4 24. Bd5 Rc7 25. a3 Be7 26. Kg2 Kh7 27. Rh1 Bg5 28. Ree1 g6 29. Ref1 Kg7 30. f4 Bf6 31. Rh3 g5 32. Rfh1 Rh8 33. Qf3 Qb8 34. Rh5 Qc8 35. Rf1 b4 36. fxg5 Bxg5 37. Rxg5+ Kf8 38. Rf5 Rh7 39. Bxf7 1-0

[Event "Titled Tuesday intern op 26th Mar Early"]
[Site "Chess.com INT"]
[Date "2024.03.26"]
[Round "3"]
[White "Kunz, Andre"]
[Black "Nouri, Alekhine"]
[Result "0-1"]
[WhiteElo "2197"]
[BlackElo "2215"]
[PlyCount "74"]
[EventDate "2024.03.26"]
[EventType "swiss (blitz)"]
[EventRounds "11"]
[EventCountry "USA"]
[SourceTitle "EXT 2025"]
[Source "ChessBase"]
[SourceDate "2024.10.14"]
[SourceVersion "1"]
[SourceVersionDate "2024.10.14"]
[SourceQuality "1"]

1. Nf3 c5 2. g3 d5 3. Bg2 Nf6 4. 0-0 g6 5. d4 cxd4 6. Nxd4 Bg7 7. c4 Nc6 8. Nc3 e6 9. Bg5 h6 10. Bf4 0-0 11. cxd5 Nxd4 12. Qxd4 Nxd5 13. Qc4 Nxc3 14. bxc3 e5 15. Be3 Be6 16. Qb4 Qc7 17. Bc5 Rfc8 18. Bd6 Qxc3 19. Qxb7 Qc2 20. h4 Qxe2 21. Rfe1 Qd2 22. Rad1 Qxa2 23. Qb5 a5 24. Bxa8 Rxa8 25. Bxe5 Bf8 26. Ra1 Qd2 27. Bf4 Qc3 28. Rec1 Qf3 29. Rxa5 Rxa5 30. Qxa5 Bd5 31. Kf1 Qd3+ 32. Kg1 Qe4 33. Kf1 Bb4 34. Rc8+ Kh7 35. Qd8 Qd3+ 36. Kg1 Qd1+ 37. Kh2 Qh1# 0-1

[Event "Titled Tuesday intern op 26th Mar Early"]
[Site "Chess.com INT"]
[Date "2024.03.26"]
[Round "5"]
[White "Labussiere, Yago"]
[Black "Nouri, Alekhine"]
[Result "0-1"]
[WhiteElo "2184"]
[BlackElo "2215"]
[PlyCount "110"]
[EventDate "2024.03.26"]
[EventType "swiss (blitz)"]
[EventRounds "11"]
[EventCountry "USA"]
[SourceTitle "EXT 2025"]
[Source "ChessBase"]
[SourceDate "2024.10.14"]
[SourceVersion "1"]
[SourceVersionDate "2024.10.14"]
[SourceQuality "1"]

1. c4 e5 2. g3 g6 3. Bg2 Bg7 4. Nc3 Ne7 5. d3 d6 6. e3 0-0 7. Nge2 c5 8. 0-0 Nbc6 9. a3 Bg4 10. h3 Be6 11. Nd5 Qd7 12. Kh2 h6 13. Rb1 Bxd5 14. cxd5 Nd8 15. b4 b6 16. e4 f5 17. f4 Nf7 18. bxc5 bxc5 19. Bd2 Kh7 20. Qc2 Rab8 21. Qc4 exf4 22. gxf4 Qc7 23. Qa6 Rxb1 24. Rxb1 Rb8 25. Rb5 Rxb5 26. Qxb5 Qb6 27. Qe8 Qb2 28. Qxe7 Qxd2 29. Ng3 Kg8 30. Qe6 Qxf4 31. Qxg6 Ne5 32. Qe8+ Kh7 33. exf5 Bf6 34. Qb8 Bh4 35. Qxa7+ Kg8 36. Qb8+ Kg7 37. f6+ Bxf6 38. Qc7+ Nf7 39. Qd7 Kf8 40. Qf5 Qd4 41. Qe4 Qb2 42. a4 Be5 43. Qf3 Qb4 44. h4 Qxh4+ 45. Bh3 Qxa4 46. Kg2 Qc2+ 47. Kg1 Qc1+ 48. Nf1 Qg5+ 49. Kh1 Ke7 50. Be6 Qh4+ 51. Kg2 Ng5 52. Qg4 Qe1 53. Qf5 Qe2+ 54. Kg1 Nf3+ 55. Kh1 Qxf1# 0-1

[Event "Titled Tuesday intern op 26th Mar Early"]
[Site "Chess.com INT"]
[Date "2024.03.26"]
[Round "4"]
[White "Nouri, Alekhine"]
[Black "Menahem, Adi"]
[Result "1-0"]
[WhiteElo "2215"]
[BlackElo "2104"]
[PlyCount "41"]
[EventDate "2024.03.26"]
[EventType "swiss (blitz)"]
[EventRounds "11"]
[EventCountry "USA"]
[SourceTitle "EXT 2025"]
[Source "ChessBase"]
[SourceDate "2024.10.14"]
[SourceVersion "1"]
[SourceVersionDate "2024.10.14"]
[SourceQuality "1"]

1. e4 d5 2. exd5 Qxd5 3. Nc3 Qd8 4. d4 Nf6 5. Nf3 Bg4 6. h3 Bh5 7. g4 Bg6 8. Ne5 e6 9. Bg2 c6 10. f4 Nbd7 11. Be3 Nxe5 12. dxe5 Nd5 13. Nxd5 cxd5 14. c4 Bb4+ 15. Kf2 0-0 16. cxd5 Qh4+ 17. Kg1 exd5 18. f5 Rae8 19. Qd4 Ba5 20. Qxd5 Kh8 21. Qxa5 1-0

[Event "Titled Tuesday intern op 26th Mar Early"]
[Site "Chess.com INT"]
[Date "2024.03.26"]
[Round "8"]
[White "Nouri, Alekhine"]
[Black "Paragua, Megan Althea"]
[Result "1-0"]
[WhiteElo "2215"]
[BlackElo "1982"]
[PlyCount "99"]
[EventDate "2024.03.26"]
[EventType "swiss (blitz)"]
[EventRounds "11"]
[EventCountry "USA"]
[SourceTitle "EXT 2025"]
[Source "ChessBase"]
[SourceDate "2024.10.14"]
[SourceVersion "1"]
[SourceVersionDate "2024.10.14"]
[SourceQuality "1"]

1. e4 c5 2. Nc3 e6 3. Nge2 d5 4. d3 Nc6 5. g3 Nf6 6. Bg2 dxe4 7. Nxe4 Be7 8. 0-0 0-0 9. Be3 Nd4 10. c3 Nxe2+ 11. Qxe2 Qc7 12. Rad1 Rb8 13. Rfe1 Nd5 14. Bc1 f5 15. Ng5 Bxg5 16. Bxg5 Ra8 17. c4 Nb4 18. Bf4 Qd7 19. d4 cxd4 20. Qd2 Nc6 21. b4 a6 22. b5 axb5 23. cxb5 Ne7 24. Qb4 Ng6 25. Rxd4 Qf7 26. Bd6 Rd8 27. a4 Ne7 28. Bxe7 Rxd4 29. Qxd4 Qxe7 30. Rd1 Kf7 31. Qd8 Qxd8 32. Rxd8 Ke7 33. Rh8 h6 34. a5 Kd7 35. a6 Ra7 36. Rg8 g5 37. Rg7+ Kd6 38. axb7 Bxb7 39. Rxb7 Ra1+ 40. Bf1 Rb1 41. Rb6+ Ke5 42. Kg2 f4 43. gxf4+ gxf4 44. Be2 Rb2 45. Bf3 Rb3 46. Rb7 Rb1 47. b6 Rb2 48. Rb8 Rb4 49. b7 Rb1 50. Rd8 1-0

[Event "Laoag City op"]
[Site "Laoag City"]
[Date "2023.12.21"]
[Round "5"]
[White "Rapanot, Alfredo"]
[Black "Nouri, Alekhine"]
[Result "1/2-1/2"]
[WhiteElo "2090"]
[BlackElo "2231"]
[PlyCount "80"]
[EventDate "2023.12.19"]
[EventType "swiss"]
[EventRounds "9"]
[EventCountry "PHI"]
[SourceTitle "CBM 219 Extra"]
[Source "ChessBase"]
[SourceDate "2024.05.31"]
[SourceVersion "1"]
[SourceVersionDate "2024.05.31"]
[SourceQuality "1"]

1. c4 Nf6 2. Nc3 c5 3. Nf3 g6 4. d4 cxd4 5. Nxd4 Bg7 6. e4 d6 7. Be2 Nc6 8. Be3 0-0 9. 0-0 Nxd4 10. Bxd4 Be6 11. Re1 Rc8 12. b3 Qa5 13. Nd5 Bxd5 14. exd5 Rfd8 15. a3 a6 16. b4 Qc7 17. Rc1 Nd7 18. Bg4 f5 19. Bxg7 Kxg7 20. Qd4+ Kf7 21. Bd1 Qb6 22. Qh4 Nf6 23. Re6 Rg8 24. c5 Qd8 25. Bb3 b6 26. Qd4 Rg7 27. c6 Qc7 28. Rce1 Kg8 29. a4 Rf7 30. f3 Rb8 31. Qe3 Kf8 32. h4 a5 33. b5 Re8 34. Qd4 Kg8 35. Bc2 Ref8 36. Qe3 Re8 37. Qd4 Ref8 38. Kf2 Rg7 39. Ke2 Ne8 40. Kd1 Rff7 1/2-1/2

[Event "Titled Tuesday intern op 18th Jul Early"]
[Site "Chess.com INT"]
[Date "2023.07.18"]
[Round "1"]
[White "Nouri, Alekhine"]
[Black "Mejia, Cherry Ann"]
[Result "1-0"]
[WhiteElo "2231"]
[BlackElo "1919"]
[PlyCount "65"]
[EventDate "2023.07.18"]
[EventType "swiss (blitz)"]
[EventRounds "11"]
[EventCountry "USA"]
[SourceTitle "EXT 2024"]
[Source "ChessBase"]
[SourceDate "2023.10.10"]
[SourceVersion "1"]
[SourceVersionDate "2023.10.10"]
[SourceQuality "1"]

1. e4 c5 2. Nc3 a6 3. Nf3 b5 4. d4 cxd4 5. Nxd4 e6 6. Be3 Bb7 7. Bd3 Qc7 8. 0-0 Nf6 9. a3 Be7 10. f4 d6 11. Qe2 0-0 12. Rae1 Nc6 13. h3 Rac8 14. Qf2 Rfe8 15. f5 e5 16. Nb3 b4 17. Nd5 Nxd5 18. exd5 Nb8 19. Bb6 Qd7 20. f6 Bxf6 21. Bf5 Qe7 22. Bxc8 Rxc8 23. axb4 Bxd5 24. Na5 Nc6 25. c4 Nxa5 26. cxd5 Nc4 27. Rc1 Qb7 28. Ba5 Bg5 29. Rc3 f6 30. Qc2 Qxd5 31. b3 Qd2 32. Qxd2 Bxd2 33. Rxc4 1-0

[Event "Titled Tuesday intern op 18th Jul Early"]
[Site "Chess.com INT"]
[Date "2023.07.18"]
[Round "9"]
[White "Zhigalko, Sergei"]
[Black "Nouri, Alekhine"]
[Result "1-0"]
[WhiteElo "2572"]
[BlackElo "2231"]
[PlyCount "83"]
[EventDate "2023.07.18"]
[EventType "swiss (blitz)"]
[EventRounds "11"]
[EventCountry "USA"]
[SourceTitle "EXT 2024"]
[Source "ChessBase"]
[SourceDate "2023.10.10"]
[SourceVersion "1"]
[SourceVersionDate "2023.10.10"]
[SourceQuality "1"]

1. e4 c5 2. Nf3 d6 3. d4 cxd4 4. Qxd4 a6 5. Bc4 Nc6 6. Qd3 Nf6 7. Nc3 g6 8. Bg5 Bg7 9. Bb3 0-0 10. 0-0-0 Qa5 11. Kb1 Be6 12. Bd2 b5 13. Nd5 Qd8 14. Nxf6+ Bxf6 15. h4 Rb8 16. h5 Bc4 17. Qe3 a5 18. hxg6 fxg6 19. Rxh7 Kxh7 20. Qh6+ Kg8 21. Qxg6+ Bg7 22. Bh6 Rf7 23. Ng5 Kf8 24. Bxc4 Ne5 25. Ne6+ Ke8 26. Nxg7+ Kd7 27. Qe6+ Kc7 28. Bd5 Rf6 29. Qg4 Rxh6 30. Qg3 Qd7 31. f4 Rg6 32. Qc3+ Nc4 33. f5 Rxg2 34. Ne6+ Kb6 35. Bxc4 bxc4 36. Qxc4 Qc6 37. Qd4+ Ka6 38. Rc1 Rb4 39. Qd3+ Qb5 40. Nc7+ Kb6 41. Nxb5 Rxb5 42. Qe3+ 1-0

[Event "Titled Tuesday intern op 07th Feb Early"]
[Site "Chess.com INT"]
[Date "2023.02.07"]
[Round "3"]
[White "Hnydiuk, Aleksander"]
[Black "Nouri, Alekhine"]
[Result "0-1"]
[WhiteElo "2364"]
[BlackElo "2272"]
[PlyCount "72"]
[EventDate "2023.02.07"]
[EventType "swiss (blitz)"]
[EventRounds "11"]
[EventCountry "USA"]
[SourceTitle "EXT 2024"]
[Source "ChessBase"]
[SourceDate "2023.10.10"]
[SourceVersion "1"]
[SourceVersionDate "2023.10.10"]
[SourceQuality "1"]

1. e4 c5 2. Nf3 d6 3. d4 cxd4 4. Nxd4 Nf6 5. Nc3 a6 6. f3 e5 7. Nb3 Be7 8. Be3 Be6 9. Qd2 h5 10. 0-0-0 Nbd7 11. Kb1 Rc8 12. h3 b5 13. Bd3 Nb6 14. g4 Nc4 15. Bxc4 bxc4 16. Nc1 Rb8 17. N1e2 Qa5 18. g5 Qa3 19. Qc1 Nd7 20. Nd5 Bxd5 21. Rxd5 Rxb2+ 22. Qxb2 Qxe3 23. Re1 0-0 24. Qc3 Rb8+ 25. Ka1 Qf2 26. Rdd1 Bxg5 27. Rb1 Rxb1+ 28. Kxb1 Nc5 29. Qb4 Qxf3 30. Qb8+ Kh7 31. Qxd6 Nxe4 32. Qxe5 Nd2+ 33. Kc1 Qa3+ 34. Kd1 Nf3 35. Qf5+ Kh6 36. h4 Qd6+ 0-1

[Event "Titled Tuesday intern op 31st Jan Early"]
[Site "Chess.com INT"]
[Date "2023.01.31"]
[Round "4"]
[White "Moroni, Luca Jr"]
[Black "Nouri, Alekhine"]
[Result "1/2-1/2"]
[WhiteElo "2576"]
[BlackElo "2274"]
[PlyCount "205"]
[EventDate "2023.01.31"]
[EventType "swiss (blitz)"]
[EventRounds "11"]
[EventCountry "USA"]
[SourceTitle "CBM 212 Extra"]
[Source "ChessBase"]
[SourceDate "2023.03.31"]
[SourceVersion "1"]
[SourceVersionDate "2023.03.31"]
[SourceQuality "1"]

1. d4 Nf6 2. Nf3 c5 3. c4 cxd4 4. Nxd4 Nc6 5. Nc3 g6 6. e4 Bg7 7. Be2 0-0 8. Be3 d6 9. 0-0 Qa5 10. h3 Be6 11. Nxe6 fxe6 12. a3 Rac8 13. b4 Qe5 14. Qd3 Nh5 15. Rac1 Nf4 16. Bxf4 Qxf4 17. Bg4 Qf6 18. f4 Qd4+ 19. Qxd4 Nxd4 20. Ne2 h5 21. Bf3 Nxe2+ 22. Bxe2 Bd4+ 23. Kh2 Be3 24. Rcd1 Bxf4+ 25. g3 Be5 26. h4 Rxf1 27. Rxf1 b6 28. Kg2 d5 29. exd5 exd5 30. cxd5 Rc2 31. Kf3 Rc3+ 32. Ke4 Bxg3 33. a4 Bxh4 34. a5 Rb3 35. a6 Rxb4+ 36. Kd3 Bf6 37. Kc2 Rd4 38. Rf2 Kg7 39. Bf3 h4 40. Rg2 h3 41. Rh2 Rc4+ 42. Kd3 Rc3+ 43. Ke4 Rc4+ 44. Kd3 Rh4 45. Ke3 Be5 46. Rh1 h2 47. Rc1 Bd4+ 48. Kd3 Bg1 49. Bh1 Rd4+ 50. Ke2 Ra4 51. Rc7 Rxa6 52. Rxe7+ Kf6 53. Re6+ Kf5 54. Be4+ Kf4 55. Bh1 g5 56. d6 Ra2+ 57. Kd3 Ra4 58. Kc3 Rd4 59. Rf6+ Ke5 60. Rg6 Rxd6 61. Rxg5+ Kf4 62. Rg8 Ke3 63. Kc2 Rd2+ 64. Kc1 Rf2 65. Re8+ Kd4 66. Rd8+ Kc5 67. Rc8+ Kb4 68. Kd1 Rb2 69. Kc1 Bd4 70. Rd8 Bc3 71. Rg8 Ra2 72. Rg4+ Ka5 73. Rg5+ b5 74. Bc6 Ra1+ 75. Kc2 a6 76. Rh5 Bb4 77. Rh6 Bc5 78. Bb7 Kb4 79. Rh4+ Ka5 80. Rh6 Bb6 81. Kb2 Rg1 82. Kb3 Rg3+ 83. Kb2 Rd3 84. Rxh2 Rd7 85. Be4 Bd4+ 86. Kc2 Rd6 87. Rh3 Kb6 88. Kd3 a5 89. Rh7 a4 90. Rb7+ Kc5 91. Rh7 Kb4 92. Kc2 Rf6 93. Rh4 Rd6 94. Kd3 Kc5 95. Rh5+ Kb6 96. Bd5 Bc5 97. Ke4 Bb4 98. Rh8 a3 99. Rb8+ Ka5 100. Ra8+ Kb6 101. Rb8+ Ka6 102. Ra8+ Kb6 103. Rb8+ 1/2-1/2